Khảo sát thành phần phiêu sinh thực vật khu vực ao nuôi cá lóc vèo huyện Châu Phú - Tỉnh An Giang : Luận văn tốt nghiệp Đại học. Chuyên ngành Môi trường và Quản lý tài nguyên thiên nhiên

Đánh giá chất lượng nước kết hợp với kết quả phân tích một số chỉ tiêu hóa học trong môi trường nước khu vực nuôi cá lóc vèo. Từ đó đề xuất các biện pháp xử lý nước và kỹ thuật nuôi cá....

全面介绍

Đã lưu trong:
书目详细资料
主要作者: Nguyễn, Thị Thùy Trang
格式: 图书
语言:Undetermined
出版: Cần Thơ Trường Đại học Cần Thơ 2005
主题:
标签: 添加标签
没有标签, 成为第一个标记此记录!
Thư viện lưu trữ: Trung tâm Học liệu Trường Đại học Cần Thơ
LEADER 01224nam a2200205Ia 4500
001 CTU_143419
008 210402s9999 xx 000 0 und d
082 |a 579.81776 
082 |b Tr106 
100 |a Nguyễn, Thị Thùy Trang 
245 0 |a Khảo sát thành phần phiêu sinh thực vật khu vực ao nuôi cá lóc vèo huyện Châu Phú - Tỉnh An Giang : 
245 0 |b Luận văn tốt nghiệp Đại học. Chuyên ngành Môi trường và Quản lý tài nguyên thiên nhiên 
245 0 |c Nguyễn Thị Thùy Trang; Trương Thị Nga, Trần Chấn Bắc (Giáo viên hướng dẫn) 
260 |a Cần Thơ 
260 |b Trường Đại học Cần Thơ 
260 |c 2005 
520 |a Đánh giá chất lượng nước kết hợp với kết quả phân tích một số chỉ tiêu hóa học trong môi trường nước khu vực nuôi cá lóc vèo. Từ đó đề xuất các biện pháp xử lý nước và kỹ thuật nuôi cá. 
650 |a Phytoplankton,Phiêu sinh 
904 |i Năm 
980 |a Trung tâm Học liệu Trường Đại học Cần Thơ